The Arab Spring : (Record no. 17211)
[ view plain ]
| 000 -LEADER | |
|---|---|
| fixed length control field | 01022cam a22002895a 4500 |
| 001 - CONTROL NUMBER | |
| control field | 016099841 |
| 003 - CONTROL NUMBER IDENTIFIER | |
| control field | OSt |
| 005 - DATE AND TIME OF LATEST TRANSACTION | |
| control field | 20160608120045.0 |
| 008 - FIXED-LENGTH DATA ELEMENTS--GENERAL INFORMATION | |
| fixed length control field | 120601s2012 enka frb 001 0 eng d |
| 020 ## - INTERNATIONAL STANDARD BOOK NUMBER | |
| International Standard Book Number | 1780322240 (hbk.) |
| 020 ## - INTERNATIONAL STANDARD BOOK NUMBER | |
| International Standard Book Number | 9781780322247 (hbk.) : |
| 020 ## - INTERNATIONAL STANDARD BOOK NUMBER | |
| International Standard Book Number | 9781780322230 (pbk.) |
| 043 ## - GEOGRAPHIC AREA CODE | |
| Geographic area code | aw----- |
| 082 04 - DEWEY DECIMAL CLASSIFICATION NUMBER | |
| Classification number | 321.0940956 |
| Item number | DAB |
| Edition number | 22 |
| 100 1# - MAIN ENTRY--PERSONAL NAME | |
| Personal name | Dabashi, Hamid, |
| Dates associated with a name | 1951- |
| 9 (RLIN) | 32340 |
| 245 14 - TITLE STATEMENT | |
| Title | The Arab Spring : |
| Remainder of title | the End of Postcolonialism / |
| Statement of responsibility, etc | Hamid Dabashi. |
| 260 ## - PUBLICATION, DISTRIBUTION, ETC. (IMPRINT) | |
| Place of publication, distribution, etc | London : |
| Name of publisher, distributor, etc | Zed Books, |
| Date of publication, distribution, etc | 2012. |
| 300 ## - PHYSICAL DESCRIPTION | |
| Extent | xxi, 272 p. ; |
| Dimensions | 23 cm. |
| 504 ## - BIBLIOGRAPHY, ETC. NOTE | |
| Bibliography, etc | Includes bibliographical references and index. |
| 650 #0 - SUBJECT ADDED ENTRY--TOPICAL TERM | |
| Topical term or geographic name as entry element | Political participation |
| Geographic subdivision | Middle East. |
| 9 (RLIN) | 32341 |
| Source of heading or term | BUEsh |
| 650 #0 - SUBJECT ADDED ENTRY--TOPICAL TERM | |
| Topical term or geographic name as entry element | Postcolonialism |
| Geographic subdivision | Middle East. |
| 9 (RLIN) | 32342 |
| Source of heading or term | BUEsh |
| 650 #0 - SUBJECT ADDED ENTRY--TOPICAL TERM | |
| Topical term or geographic name as entry element | Government, Resistance to |
| Geographic subdivision | Middle East. |
| 9 (RLIN) | 32343 |
| Source of heading or term | BUEsh |
| 651 #0 - SUBJECT ADDED ENTRY--GEOGRAPHIC NAME | |
| Geographic name | Middle East |
| General subdivision | Politics and government |
| Chronological subdivision | 1979- |
| 9 (RLIN) | 32344 |
| Source of heading or term | BUEsh |
| 651 #0 - SUBJECT ADDED ENTRY--GEOGRAPHIC NAME | |
| Geographic name | Middle East |
| General subdivision | Civilization |
| Chronological subdivision | 21st century. |
| 9 (RLIN) | 32345 |
| Source of heading or term | BUEsh |
| 653 ## - INDEX TERM--UNCONTROLLED | |
| Resource For college | BAEPS, Political Science |
| Arrived date list | February2013 |
| 942 ## - ADDED ENTRY ELEMENTS (KOHA) | |
| Source of classification or shelving scheme | Dewey Decimal Classification |
| Item type | Book - Borrowing |
| Withdrawn status | Item status | Source of classification or shelving scheme | Damaged status | Not for loan | Vendor | Home library | Current library | Shelving location | Date acquired | Source of acquisition | Cost, normal purchase price | Serial Enumeration / chronology | Total Checkouts | Total Renewals | Full call number | Barcode | Date last seen | Date last borrowed | Koha item type |
|---|---|---|---|---|---|---|---|---|---|---|---|---|---|---|---|---|---|---|---|
| Dewey Decimal Classification | MERIC | Central Library | Central Library | First floor | 03/02/2013 | Purchase | 127.00 | 000263 | 8 | 97 | 321.0940956 DAB | 000027977 | 15/07/2025 | 22/11/2016 | Book - Borrowing |